Lập trình phần mềm hệ thống.
Ngôn ngữ máy, hợp ngữ, trình nối kết và trình nạp, lý thuyết trình biên dịch cơ sở, nghiên cứu sự phát triển trình biên dịch, nguyên lý đồng thời và đồng bộ hoá cơ bản, khái quát về hệ điều hành, các tiện ích đồng thời UNIX và Win 32 API....
Wedi'i Gadw mewn:
| Fformat: | Llyfr |
|---|---|
| Iaith: | Vietnamese |
| Cyhoeddwyd: |
Hà Nội :
Giao thông vận tải,
1999.
|
| Pynciau: | |
| Tagiau: |
Ychwanegu Tag
Dim Tagiau, Byddwch y cyntaf i dagio'r cofnod hwn!
|
| Thư viện lưu trữ: | Mạng thư viện Đại học Đà Nẵng |
|---|
| LEADER | 01167cam a2200349 i 4500 | ||
|---|---|---|---|
| 001 | 000042789 | ||
| 003 | 664 | ||
| 005 | 20041028154336.0 | ||
| 008 | 010217b1999 vm 000 vie | ||
| 020 | |c 68000 | ||
| 022 | |a T | ||
| 040 | |a IRC |c IRC |d IRC | ||
| 041 | 0 | |a vie | |
| 082 | 1 | 4 | |a 005.136 |b Lâ-T |
| 245 | 0 | 0 | |a Lập trình phần mềm hệ thống. |
| 260 | |a Hà Nội : |b Giao thông vận tải, |c 1999. | ||
| 300 | |a 756 tr. ; |c 20 cm. | ||
| 520 | 3 | |a Ngôn ngữ máy, hợp ngữ, trình nối kết và trình nạp, lý thuyết trình biên dịch cơ sở, nghiên cứu sự phát triển trình biên dịch, nguyên lý đồng thời và đồng bộ hoá cơ bản, khái quát về hệ điều hành, các tiện ích đồng thời UNIX và Win 32 API. | |
| 630 | 0 | 4 | |a Tin học. |
| 630 | 0 | 4 | |a Lập trình. |
| 630 | 0 | 4 | |a Computer Programming. |
| 650 | 0 | 4 | |a Phần mềm hệ thống (Máy tính) |
| OWN | |a DUT | ||
| 999 | |a From the UDN01 | ||
| TYP | |a Monograph | ||
| TYP | |a Printed language | ||
| 980 | |a Mạng thư viện Đại học Đà Nẵng | ||